La sombra descalza / (Registro nro. 141242)

Detalles MARC
000 -CABECERA
campo de control de longitud fija 00801cam a22002654a 4500
003 - IDENTIFICADOR DEL NÚMERO DE CONTROL
campo de control UPN
005 - FECHA Y HORA DE LA ÚLTIMA TRANSACCIÓN
campo de control 20240803063754.0
008 - ELEMENTOS DE LONGITUD FIJA--INFORMACIÓN GENERAL
campo de control de longitud fija 090210s2006 es r 000 f spa d
020 ## - NÚMERO INTERNACIONAL NORMALIZADO PARA LIBROS
Número Internacional Estándar del Libro 8421696327
035 ## - NÚMERO DE CONTROL DEL SISTEMA
Número de control de sistema UPN01000169136
040 ## - FUENTE DE LA CATALOGACIÓN
Centro catalogador/agencia de origen UPN
Lengua de catalogación spa
Centro/agencia transcriptor UPN
049 ## - COLECCIÓN
Colección CG
050 #4 - SIGNATURA TOPOGRÁFICA DE LA BIBLIOTECA DEL CONGRESO
Número de clasificación PQ6651 L43
Número de documento/Ítem S65
100 1# - ASIENTO PRINCIPAL--NOMBRE PERSONAL
Nombre de persona Alfaya, An,
Fechas asociadas al nombre 1964-
9 (RLIN) 30607
245 13 - MENCIÓN DE TÍTULO
Título La sombra descalza /
Mención de responsabilidad, etc. An Alfaya ; traducción Anxela Rodríguez Rodríguez.
260 ## - PUBLICACIÓN, DISTRIBUCIÓN, ETC.
Lugar de publicación, distribución, etc. Madrid :
Nombre del editor, distribuidor, etc. Bruño,
Fecha de publicación, distribución, etc. 2006.
300 ## - DESCRIPCIÓN FÍSICA
Extensión 129 páginas
490 0# - MENCIÓN DE SERIE
Mención de serie Paralelo cero ;
Designación de volumen o secuencia 54
586 ## - NOTA DE PREMIOS
Nota de premios Obra galardonada con el Premio Lazarillo 2005
650 #4 - ASIENTO SECUNDARIO DE MATERIA - TERMINO TEMATICO
Término de materia o nombre geográfico como elemento de entrada Novela española
9 (RLIN) 10814
650 #4 - ASIENTO SECUNDARIO DE MATERIA - TERMINO TEMATICO
Término de materia o nombre geográfico como elemento de entrada Relaciones de familia
Subdivisión de forma Novela
9 (RLIN) 25101
700 1# - ASIENTO SECUNDARIO--NOMBRE DE PERSONAL
Nombre de persona Bugallo Rodríguez, Ánxela
Término indicativo de función/relación traductora
9 (RLIN) 44591
905 ## - TIPO DE MATERIAL
Tipo de material Libro
942 ## - ELEMENTOS DE PUNTO DE ACCESO ADICIONAL (KOHA)
Tipo de ítem Koha Libro
Fuente del sistema de clasificación o colocación Library of Congress Classification
Existencias
Estado de retiro Estado de pérdida Fuente del sistema de clasificación o colocación Estado dañado No para préstamo Código de colección Localización permanente Ubicación/localización actual Ubicación en estantería Fecha de adquisición Total de préstamos Clasificación Código de barras Fecha visto por última vez Tipo de ítem Koha
    Library of Congress Classification     Colección General Bib. Gregorio Torres Quintero Bib. Gregorio Torres Quintero Planta baja 21/08/2022 1 PQ6651 L43 S65 AP623 31/12/2020 Libro